000 00550nam a2200205Ia 4500
005 20250127021417.0
008 240331s9999 xx 000 0 und d
020 _a070691211X
082 _bCHA
_23562
_a304.63
100 _aChaudhury, R. H
245 0 _aSocial Aspects of Fertility:
_bWith Special Reference to Developing Countries
260 _aNew Delhi
_bVikas Publishing House
_c1982
300 _axxvii, 220 p.,
650 _aSocial
650 _aDevelopment
650 _aChildren
650 _aEthnicity
650 _aWomen
942 _cL
999 _c1413
_d1413